000 00467ntaaa2200181 4500
003 01
005 20251027203013.0
008 0714s1973 ag 01
040 _aAR-BaBN
_bspa
_cAR-BaBN
_eaacr
_dRIC
082 _a282.3000 F41
245 _aEnciclopedia de la religión católica
250 _a1 ed.
260 _aBarcelona :
_bDalmau y Jover S.A.,
_cc1950-c1956
300 _a7 tomos
650 _acatolicismo
_9316
700 _aFerreres, R.D.
_931079
942 _cBK
999 _c25471
_d25471